<?xml version="1.0" encoding="UTF-8"?>
<collection xmlns:xsi="http://www.w3.org/2001/XMLSchema-instance" xsi:schemaLocation="http://www.loc.gov/MARC21/slim http://www.loc.gov/standards/marcxml/schema/MARC21slim.xsd" xmlns="http://www.loc.gov/MARC21/slim">
 <record>
  <leader>00000cam a22000004i 4500</leader>
  <controlfield tag="001">UP-99796217613265953</controlfield>
  <controlfield tag="003">Buklod</controlfield>
  <controlfield tag="005">20200327133239.0</controlfield>
  <controlfield tag="006">t    gr     000 0 </controlfield>
  <controlfield tag="007">ta</controlfield>
  <controlfield tag="008">150529s2015    cau     r    |000 0|eng d</controlfield>
  <datafield tag="020" ind1=" " ind2=" ">
   <subfield code="a">9789351502906 (pbk. : alk. paper)</subfield>
  </datafield>
  <datafield tag="035" ind1=" " ind2=" ">
   <subfield code="a">(iLib)UPD-00468167901</subfield>
  </datafield>
  <datafield tag="037" ind1=" " ind2=" ">
   <subfield code="a">MC-27037</subfield>
   <subfield code="b">Fastbooks</subfield>
   <subfield code="c">Php2,745.00</subfield>
  </datafield>
  <datafield tag="040" ind1=" " ind2=" ">
   <subfield code="a">DLC</subfield>
   <subfield code="d">DMC</subfield>
   <subfield code="e">rda</subfield>
  </datafield>
  <datafield tag="041" ind1=" " ind2=" ">
   <subfield code="a">eng</subfield>
  </datafield>
  <datafield tag="042" ind1=" " ind2=" ">
   <subfield code="a">DMLUC</subfield>
  </datafield>
  <datafield tag="090" ind1=" " ind2=" ">
   <subfield code="a">BF 576</subfield>
   <subfield code="b">M64 2015</subfield>
  </datafield>
  <datafield tag="100" ind1="1" ind2=" ">
   <subfield code="a">Mohla, Neeta</subfield>
   <subfield code="e">author..</subfield>
  </datafield>
  <datafield tag="245" ind1="1" ind2="0">
   <subfield code="a">Human drama Inc.</subfield>
   <subfield code="b">emotional intelligence in the workplace</subfield>
   <subfield code="c">Neeta Mohla.</subfield>
  </datafield>
  <datafield tag="264" ind1=" " ind2="1">
   <subfield code="a">Los Angeles</subfield>
   <subfield code="b">SAGE Publications</subfield>
   <subfield code="c">[2015]</subfield>
  </datafield>
  <datafield tag="300" ind1=" " ind2=" ">
   <subfield code="a">xxiv, 161 pages</subfield>
   <subfield code="c">22 cm</subfield>
  </datafield>
  <datafield tag="336" ind1=" " ind2=" ">
   <subfield code="a">text</subfield>
   <subfield code="2">rdacontent</subfield>
  </datafield>
  <datafield tag="337" ind1=" " ind2=" ">
   <subfield code="a">unmediated</subfield>
   <subfield code="2">rdamedia</subfield>
  </datafield>
  <datafield tag="338" ind1=" " ind2=" ">
   <subfield code="a">volume</subfield>
   <subfield code="2">rdacarrier</subfield>
  </datafield>
  <datafield tag="505" ind1="0" ind2=" ">
   <subfield code="a">Foreword / by Abad Ahmad -- Acknowledgements -- Act 1. Knowing the script : do you understand your character and role? -- Scene 1 Looking into the mirror -- Scene 2 Recognising your reflection -- Scene 3 Getting in sync with reality -- Scene 4 Becoming your own best friend -- Act 2. Lights! camera! action! : are you staying on track? -- Scene 1 Taking a deep breath -- Scene 2 Looking before you leap -- Scene 3 Believing in yourself -- Scene 4 Going with the flow -- Scene 5 Navigating daily obstacles -- Act 3. Winning awards : are you driving and enjoying your success? -- Scene 1 Staying away from the dark side -- Scene 2 Striving to realise your potential -- Scene 3 Having a positive approach to life and enjoying yourself -- Act 4. Cast and crew : are you working in tandem with the team? -- Scene 1 Reaching out and creating connections -- Scene 2: The power of true communication -- Act 5. Encore! are you building strong equations? -- Scene 1 Building bridges, not walls -- Scene 2 Becoming part of a larger whole -- Emotional intelligence in action -- Emotional intelligence and change -- Emotional intelligence and conflict -- Emotional intelligence and customer service -- Emotional intelligence and productivity -- Emotional intelligence and performance management -- Emotional intelligence and inspiration -- Conclusion -- About the author.</subfield>
  </datafield>
  <datafield tag="650" ind1=" " ind2="0">
   <subfield code="a">Emotional intelligence.</subfield>
  </datafield>
  <datafield tag="650" ind1=" " ind2="0">
   <subfield code="a">Social interaction.</subfield>
  </datafield>
  <datafield tag="650" ind1=" " ind2="0">
   <subfield code="a">Self-presentation.</subfield>
  </datafield>
  <datafield tag="650" ind1=" " ind2="0">
   <subfield code="a">Success.</subfield>
  </datafield>
  <datafield tag="905" ind1=" " ind2=" ">
   <subfield code="a">FO</subfield>
  </datafield>
  <datafield tag="852" ind1="0" ind2=" ">
   <subfield code="a">UPD</subfield>
   <subfield code="b">DMC</subfield>
   <subfield code="h">BF 576</subfield>
   <subfield code="i">M64 2015</subfield>
  </datafield>
  <datafield tag="942" ind1=" " ind2=" ">
   <subfield code="a">Book</subfield>
  </datafield>
 </record>
</collection>
